书目信息 |
| 题名: |
商务谈判日语
|
|
| 作者: | 米田隆介 著 | |
| 分册: | ||
| 出版信息: | 北京 外语教学与研究出版社 2006.09 |
|
| 页数: | 111页 | |
| 开本: | 20cm | |
| 丛书名: | ||
| 单 册: | ||
| 中图分类: | H369.9 | |
| 科图分类: | ||
| 主题词: | 日语 | |
| 电子资源: | ||
| ISBN: | 7-5600-5467-6 | |
| 000 | 00590nam0 2200217 45 | |
| 001 | 0942369567 | |
| 005 | 20091110114734.02 | |
| 010 | @a7-5600-5467-6@dCNY28.00 | |
| 100 | @a20090515d2006 ekmy0 y0120 ea | |
| 102 | @aCN@b130000 | |
| 102 | @aCN@b110000 | |
| 105 | @ay z 000yy | |
| 200 | 1 | @a商务谈判日语@f米田隆介等著@Fmi tian long jie deng zhu |
| 210 | @a北京@c外语教学与研究出版社@d2006.09 | |
| 215 | @a111页@d20cm | |
| 606 | 0 | @a日语 |
| 690 | @aH369.9@v4 | |
| 701 | 0 | @a米田隆介@Ami tian long jie@4著 |
| 801 | 0 | @aCN@c20091110 |
| 905 | @a10447@dH369.9@eM675 | |
| 906 | @d28@n1@r1 | |
| 商务谈判日语/米田隆介等著.-北京:外语教学与研究出版社,2006.09 |
| 111页;20cm |
| ISBN 7-5600-5467-6:CNY28.00 |
| ● |
| 相关链接 |
|
|
|
正题名:商务谈判日语
索取号:H369.9/M675
 
预约/预借
| 序号 | 登录号 | 条形码 | 馆藏地/架位号 | 状态 | 备注 |
| 1 | 896869 | 208968697 | 语言库209/209语言库 134排1列4层/ [索取号:H369.9/M675] | 在馆 |